000 00598cab a2200253 4500
001 X1344
008 090401t1994 xxu||||| |||| 00| 0 eng d
035 _a(Sirsi) u16342
041 _aeng
245 _aEurope
260 _c1994
350 _a0
490 _aCSM (Chartered Surveyor Monthly)
_v3(6) March 1994, 21(1)
650 _aCOMPETITIVENESS
650 _aPUBLIC PROCUREMENT INFORMATION SYSTEM
650 _aSIMAP
650 _aSMES
650 _aSMES
650 _aSUBCONTRACTING
650 _aWHITE PAPER
690 _aOVERSEAS-EUROPE
942 _n0
948 _c04/03/1997
999 _c10747
_d10747